Kỹ thuật kinh doanh xuất nhập khẩu

Gorde:
Xehetasun bibliografikoak
Egile nagusia: Võ Thanh Thu
Formatua: Liburua
Hizkuntza:Undetermined
Argitaratua: Hà Nội Thống kê 2005
Gaiak:
Etiketak: Etiketa erantsi
Etiketarik gabe, Izan zaitez lehena erregistro honi etiketa jartzen!
Thư viện lưu trữ: Trung tâm Học liệu Trường Đại học Cần Thơ
LEADER 00557nam a2200193Ia 4500
001 CTU_74935
008 210402s9999 xx 000 0 und d
020 |b 80000 
082 |a 382.3 
082 |b Th500 
100 |a Võ Thanh Thu 
245 0 |a Kỹ thuật kinh doanh xuất nhập khẩu 
245 0 |c Võ Thanh Thu 
260 |a Hà Nội 
260 |b Thống kê 
260 |c 2005 
650 |a international economic relations,international trade 
904 |i Tuyến 
980 |a Trung tâm Học liệu Trường Đại học Cần Thơ